00393nam a2200121Ia 4500008004100000082001800041100004200059245003900101260004500140300000800185630003900193730003900232100122s9999 xx 000 0 und d b27488a823.08 aअत्रे प्रभाकर aकिमाश्री शाल bपराग प्रकाशनc1905 a200 aकिमाश्री शाल aकिमाश्री शाल